Personnages d'Overwatch - Statistiques

Statistiques générales
  • Ce quiz a été pris 6 821 fois
    116 depuis la dernière actualisation
  • Le résultat moyen est 43 sur 51
Statistiques - réponses
Réponse % Correct
Ange
95%
Cassidy
95%
Chopper
94%
Doomfist
94%
D.Va
94%
Winston
94%
Zarya
94%
Bastion
93%
Reinhardt
93%
Sigma
93%
Ana
91%
Faucheur
91%
Ramattra
91%
Tracer
91%
Fatale
90%
Lúcio
90%
Soldat:76
90%
Bouldozer
89%
Genji
89%
Zenyatta
89%
Chacal
88%
Kiriko
88%
Ashe
86%
Torbjörn
86%
Brigitte
85%
Hanzo
85%
Mei
85%
Moira
85%
Orisa
85%
Anran
84%
Baptiste
84%
Reine des Junkers
84%
Danger
83%
Symmetra
83%
Domina
81%
Jetpack Cat
81%
Juno
81%
Sombra
81%
Pharah
80%
Écho
79%
Vital
79%
Emre
78%
Mauga
78%
Mizuki
78%
Sojourn
77%
Illari
75%
Vendetta
75%
Sierra
74%
Wuyang
74%
Freja
69%
Venture
69%
Aucun quiz correspondant
Distribution des résultats
% des personnes avec chaque résultat
Percentile par nombre de réponses
Votre historique - résultats
Vous n’avez pas pris ce quiz depuis la dernière actualisation